Normal view
MARC view
Entry Topical Term
001 - CONTROL NUMBER
- control field: 53617
003 - CONTROL NUMBER IDENTIFIER
- control field: OSt
005 - DATE AND TIME OF LATEST TRANSACTION
- control field: 20160423142145.0
008 - FIXED-LENGTH DATA ELEMENTS
- fixed length control field: 160423|| aca||aabn | a|a d
040 ## - CATALOGING SOURCE
- Original cataloging agency: OSt
- Transcribing agency: OSt
150 ## - HEADING--TOPICAL TERM
- Topical term or geographic name entry element: Literacture
670 ## - SOURCE DATA FOUND
- Source citation: Work cat.: (OSt)19674: रमेश चन्द्र शाह 41464, अज्ञेय वागर्थ का वैभव , 1995









